000
00302nam a22001337a 4500
008
170511b xxu||||| |||| 00| 0 eng d
020
_a
9780314189875
041
_a
eng
080
_2
12TH
_a
343.9
100
_a
15
101
_a
SHJ
245
_a
MODERN CRIMINAL PROCEDURE
_c
KAMISAR,Y
942
_2
udc
_c
BK
999
_c
13141
_d
13141